SM Entertainment groups - Statistics

General Stats
  • This quiz has been taken 18 times
  • The average score is 16 of 32
Answer Stats
Active Groups Years % Correct
aespa since 2020
100%
NCT 127 since 2016
100%
Hearts2Hearts since 2025
93%
NCT DREAM since 2016
93%
NCT WISH since 2024
93%
Red Velvet since 2014
93%
EXO since 2012
87%
Girls' Generation since 2007
87%
RIIZE since 2023
87%
SHINee since 2008
87%
NCT U since 2016
80%
TVXQ! since 2003
73%
WayV since 2019
73%
Super Junior since 2005
60%
f(x) 2009- 2019
53%
H.O.T 1996- 2001
53%
S.E.S 1997- 2017
47%
Shinhwa 1998- 2003
40%
The Grace 2005- 2011
33%
Milk 2001- 2003
27%
Black Beat 2002- 2007
20%
Fly to the Sky 1999- 2004
20%
NCT DOJAEJUNG since 2023
20%
NCTJNJM since 2026
20%
TraxX 2004- 2019
20%
Isak N Jiyeon 2002- 2004
13%
Shinvi 2002- 2003
13%
J&J 1994
7%
Major 1995
7%
The Blue 1992- 2009
7%
Tin Tin Five 1993- 2010
7%
GPP since 2025
0%
No matching quizzes found
Score Distribution
Percent of People with Each Score
Percentile by Number Answered
Your Score History
You have not taken this quiz